[Event "Berlin-ch Seniors op 36th"]
[Site "Berlin"]
[Date "2020.02.06"]
[Round "9.19"]
[White "Beran, Rolf Dietrich"]
[Black "Kranch, Klaus"]
[Result "1/2-1/2"]
[WhiteElo "1950"]
[BlackElo "1733"]
[PlyCount "83"]
[EventDate "2020.01.28"]
[EventType "swiss"]
[EventRounds "9"]
[EventCountry "GER"]
[SourceTitle "EXT 2024"]
[Source "ChessBase"]
[SourceDate "2023.10.10"]
[SourceVersion "1"]
[SourceVersionDate "2023.10.10"]
[SourceQuality "1"]

1. c4 e5 2. g3 Nf6 3. Bg2 d5 4. cxd5 Nxd5 5. Nc3 Nb6 6. d3 Be7 7. Nf3 Nc6 8. 0-0 0-0 9. a3 Be6 10. b4 f6 11. Bb2 Qd7 12. Re1 Rfd8 13. Qc1 Rab8 14. h4 Nd4 15. Nxd4 exd4 16. Ne4 Na4 17. Qc2 Nxb2 18. Qxb2 c6 19. Rac1 b6 20. Rxc6 f5 21. Nd2 Bd5 22. Bxd5+ Qxd5 23. Qc2 b5 24. Qb3 f4 25. Qxd5+ Rxd5 26. Ne4 Rb7 27. Rec1 fxg3 28. fxg3 a5 29. Rb1 Re5 30. Kf2 axb4 31. axb4 Ra7 32. Rb2 Ra4 33. Nc5 Rf5+ 34. Kg2 Ra1 35. Rb6 g5 36. Rxb5 g4 37. Rb8+ Kf7 38. Ne4 Rff1 39. Nf2 Rg1+ 40. Kh2 h5 41. Rc2 Rgf1 42. Kg2 1/2-1/2

[Event "Berlin-ch Seniors op 33rd"]
[Site "Berlin"]
[Date "2017.02.07"]
[Round "7"]
[White "Kranch, Klaus"]
[Black "Schulz, Manfred"]
[Result "1-0"]
[WhiteElo "1767"]
[BlackElo "1614"]
[PlyCount "75"]
[EventDate "2017.01.31"]
[EventType "swiss"]
[EventRounds "9"]
[EventCountry "GER"]
[SourceTitle "EXT 2019"]
[Source "ChessBase"]
[SourceDate "2018.10.10"]
[SourceVersion "1"]
[SourceVersionDate "2018.10.10"]
[SourceQuality "1"]

1. d4 e6 2. c4 b6 3. Nf3 Bb4+ 4. Nc3 Nf6 5. a3 Bxc3+ 6. bxc3 Bb7 7. e3 d6 8. Bd3 Nbd7 9. 0-0 Ne4 10. Qc2 Ndf6 11. Nd2 Nxd2 12. Bxd2 c5 13. e4 e5 14. d5 h6 15. Be2 Qd7 16. a4 Qc7 17. f4 Nd7 18. Ra3 a5 19. Rb3 Ba6 20. Rbb1 Rb8 21. Rf3 Qd8 22. Rg3 g6 23. Rf1 Qe7 24. Qd3 Kd8 25. f5 g5 26. f6 Qf8 27. Qf3 Rg8 28. Qh5 Rg6 29. Rgf3 Qh8 30. Rf5 Kc7 31. Qf3 g4 32. Qf2 h5 33. Qh4 Rbg8 34. Rxh5 Qxh5 35. Qxh5 Nxf6 36. Qh4 Nxe4 37. Rxf7+ Kb8 38. Qe7 1-0

[Event "Berlin-ch Seniors op 33rd"]
[Site "Berlin"]
[Date "2017.02.03"]
[Round "4"]
[White "Junge, Wolfgang"]
[Black "Kranch, Klaus"]
[Result "1/2-1/2"]
[WhiteElo "1880"]
[BlackElo "1767"]
[PlyCount "38"]
[EventDate "2017.01.31"]
[EventType "swiss"]
[EventRounds "9"]
[EventCountry "GER"]
[SourceTitle "EXT 2019"]
[Source "ChessBase"]
[SourceDate "2018.10.10"]
[SourceVersion "1"]
[SourceVersionDate "2018.10.10"]
[SourceQuality "1"]

1. d4 d5 2. c4 e6 3. Nc3 Nf6 4. Bg5 Nbd7 5. e3 c6 6. Nf3 Qa5 7. Bxf6 Nxf6 8. a3 dxc4 9. Bxc4 b5 10. Bd3 Bb7 11. 0-0 Be7 12. b4 Qd8 13. Rc1 0-0 14. Ne4 a5 15. Nc5 Bxc5 16. dxc5 Qc7 17. Qb3 e5 18. Nd2 Bc8 19. Ra1 Be6 1/2-1/2

[Event "Berlin-ch Seniors op 31st"]
[Site "Berlin"]
[Date "2015.02.07"]
[Round "9"]
[White "Kranch, Klaus"]
[Black "Schulz, Manfred"]
[Result "1-0"]
[WhiteElo "1599"]
[BlackElo "1369"]
[PlyCount "87"]
[EventDate "2015.01.29"]
[EventType "swiss"]
[EventRounds "9"]
[EventCountry "GER"]
[SourceTitle "EXT 2018"]
[Source "ChessBase"]
[SourceDate "2017.10.13"]
[SourceVersion "1"]
[SourceVersionDate "2017.10.13"]
[SourceQuality "1"]

1. c4 e6 2. Nc3 b6 3. Nf3 Bb7 4. a3 Nf6 5. d4 d5 6. cxd5 exd5 7. Bg5 Nbd7 8. e3 Be7 9. Bd3 0-0 10. 0-0 h6 11. Bh4 c5 12. Rc1 Re8 13. Bb1 Rc8 14. Re1 Ne4 15. Bxe7 Rxe7 16. Qd3 c4 17. Qc2 Ndf6 18. Ne5 Nxc3 19. bxc3 Bc6 20. Ng4 Re6 21. Nxf6+ Rxf6 22. Qh7+ Kf8 23. Qh8+ Ke7 24. Qxg7 Qg8 25. Qxg8 Rxg8 26. e4 dxe4 27. Bxe4 Bxe4 28. Rxe4+ Kd6 29. Rce1 Re6 30. Rxe6+ fxe6 31. f4 Rf8 32. g3 Rf5 33. Re5 Rxe5 34. dxe5+ Kd5 35. Kf2 b5 36. Ke3 a5 37. h3 b4 38. axb4 a4 39. Kd2 a3 40. Kc2 h5 41. g4 hxg4 42. hxg4 Ke4 43. g5 Kf5 44. b5 1-0

[Event "Berlin-ch Seniors op 30th"]
[Site "Berlin"]
[Date "2014.02.01"]
[Round "3"]
[White "Fitzke, Ulrich"]
[Black "Kranch, Klaus"]
[Result "0-1"]
[WhiteElo "1803"]
[BlackElo "1593"]
[PlyCount "78"]
[EventDate "2014.01.30"]
[EventType "swiss"]
[EventRounds "9"]
[EventCountry "GER"]
[SourceTitle "EXT 2018"]
[Source "ChessBase"]
[SourceDate "2017.10.13"]
[SourceVersion "1"]
[SourceVersionDate "2017.10.13"]
[SourceQuality "1"]

1. d4 d5 2. c4 e6 3. Nc3 Nf6 4. Nf3 c6 5. e3 Nbd7 6. Bd3 dxc4 7. Bxc4 b5 8. Bd3 a6 9. 0-0 c5 10. b3 Bb7 11. Bb2 cxd4 12. Nxd4 Be7 13. Rc1 0-0 14. Qe2 Nc5 15. Bb1 Qb6 16. Kh1 Rad8 17. b4 Ncd7 18. a3 Ne5 19. Ba2 Rd6 20. Rfd1 Rfd8 21. h3 Qa7 22. Nc2 Qa8 23. Ne1 Ng6 24. Rxd6 Rxd6 25. Rd1 Rxd1 26. Nxd1 Nh4 27. Qf1 Ne4 28. Nc3 Nd2 29. Qe2 Bxg2+ 30. Kg1 Ndf3+ 31. Nxf3 Nxf3+ 32. Kxg2 Nd4+ 33. f3 Nxe2 34. Nxe2 Qd8 35. Bc3 Bh4 36. Nf4 Qg5+ 37. Kf1 Qg3 38. Ke2 Qf2+ 39. Kd3 Qxa2 0-1

[Event "Berlin Lichtenberger op 11th"]
[Site "Berlin"]
[Date "2012.08.24"]
[Round "7"]
[White "Kranch, Klaus"]
[Black "Scheide, Helmut"]
[Result "0-1"]
[WhiteElo "1770"]
[BlackElo "1998"]
[PlyCount "76"]
[EventDate "2012.08.18"]
[EventType "swiss"]
[EventRounds "9"]
[EventCountry "GER"]
[SourceTitle "CBM 150 Extra"]
[Source "ChessBase"]
[SourceDate "2012.10.19"]
[SourceVersion "1"]
[SourceVersionDate "2012.10.19"]
[SourceQuality "1"]

1. d4 d5 2. c4 e6 3. Nc3 c6 4. Nf3 Nd7 5. e3 Ngf6 6. cxd5 exd5 7. Bd3 Bd6 8. 0-0 h6 9. Bd2 0-0 10. Qc2 Re8 11. Rfe1 Nf8 12. h3 Be6 13. e4 dxe4 14. Nxe4 Nxe4 15. Bxe4 Qc7 16. Bc3 Rad8 17. Ne5 Nd7 18. Bh7+ Kh8 19. Re3 Nf6 20. Bf5 Nd5 21. Re2 Nf4 22. Re3 Nd5 23. Re2 Nxc3 24. bxc3 c5 25. Bxe6 Rxe6 26. Nf3 cxd4 27. cxd4 Qxc2 28. Rxc2 Rde8 29. g3 Kg8 30. Rac1 Ba3 31. Rd1 Re2 32. Rdd2 Rxd2 33. Rxd2 Bb4 34. Rb2 a5 35. Kf1 Re7 36. Rb3 Rc7 37. a3 Bd6 38. Ke2 a4 0-1

[Event "Berlin Lichtenberger op 11th"]
[Site "Berlin"]
[Date "2012.08.19"]
[Round "2"]
[White "Barwich, Andreas"]
[Black "Kranch, Klaus"]
[Result "1-0"]
[WhiteElo "1945"]
[BlackElo "1770"]
[PlyCount "85"]
[EventDate "2012.08.18"]
[EventType "swiss"]
[EventRounds "9"]
[EventCountry "GER"]
[SourceTitle "CBM 150 Extra"]
[Source "ChessBase"]
[SourceDate "2012.10.19"]
[SourceVersion "1"]
[SourceVersionDate "2012.10.19"]
[SourceQuality "1"]

1. e4 c5 2. Nf3 Nc6 3. Bb5 e6 4. 0-0 Nge7 5. Re1 g6 6. c3 Bg7 7. d3 0-0 8. Be3 d6 9. Qd2 Re8 10. e5 a6 11. Ba4 b5 12. Bc2 Nxe5 13. Nxe5 Bxe5 14. d4 cxd4 15. cxd4 Bg7 16. Bh6 Bh8 17. Re3 Nf5 18. Bxf5 exf5 19. Bg5 Qd7 20. Rxe8+ Qxe8 21. Nc3 f6 22. Bf4 Qd7 23. Nd5 Rb8 24. Qb4 Bb7 25. Bxd6 Rd8 26. Ne7+ Kf7 27. Bc5 Bd5 28. Nxd5 Qxd5 29. Qa5 Re8 30. Qxa6 f4 31. Qxb5 Qe4 32. h3 f5 33. Qb3+ Kg7 34. Rd1 Kh6 35. Qd3 Qd5 36. b3 Re4 37. a4 g5 38. Qc4 Qd7 39. f3 Re3 40. a5 g4 41. d5 Be5 42. Bxe3 fxe3 43. Qc6+ 1-0

[Event "Berlin-ch Seniors op 27th"]
[Site "Berlin"]
[Date "2011.02.04"]
[Round "7"]
[White "Pueschel, Gisela"]
[Black "Kranch, Klaus"]
[Result "0-1"]
[WhiteElo "1221"]
[BlackElo "1494"]
[PlyCount "68"]
[EventDate "2011.01.29"]
[EventType "swiss"]
[EventRounds "9"]
[EventCountry "GER"]
[SourceTitle "EXT 2012"]
[Source "ChessBase"]
[SourceDate "2011.11.24"]
[SourceVersion "1"]
[SourceVersionDate "2011.11.24"]
[SourceQuality "1"]

1. d4 d5 2. Nf3 e6 3. e3 c5 4. c3 Nc6 5. Bd3 Nf6 6. Nbd2 Be7 7. 0-0 0-0 8. e4 dxe4 9. Nxe4 cxd4 10. c4 h6 11. a3 a5 12. b3 e5 13. Nxf6+ Bxf6 14. Re1 Be6 15. Bb2 Qc7 16. Rc1 Rfe8 17. Qe2 Qd7 18. Qe4 g6 19. h3 Bf5 20. Qe2 e4 21. Qd1 exd3 22. Qd2 Kh7 23. Ba1 Be4 24. Rxe4 Rxe4 25. Qxd3 Rae8 26. Kf1 Qf5 27. Qb1 Rf4 28. Rd1 Qxb1 29. Rxb1 d3 30. Bxf6 Rxf6 31. Rd1 Rd6 32. Nd2 Nd4 33. a4 f5 34. Rb1 Re2 0-1

[Event "GER-ch Seniors 22nd"]
[Site "Berlin"]
[Date "2010.08.24"]
[Round "9"]
[White "Fleischer, Matthias"]
[Black "Kranch, Klaus"]
[Result "1-0"]
[WhiteElo "1714"]
[BlackElo "1480"]
[PlyCount "109"]
[EventDate "2010.08.16"]
[EventType "swiss"]
[EventRounds "9"]
[EventCountry "GER"]
[SourceTitle "CBM 138 Extra"]
[Source "ChessBase"]
[SourceDate "2010.10.29"]
[SourceVersion "1"]
[SourceVersionDate "2010.10.29"]
[SourceQuality "1"]

1. d4 d5 2. c4 e6 3. Nc3 Nf6 4. Nf3 c6 5. Bg5 Nbd7 6. e3 Qa5 7. Bxf6 Nxf6 8. Nd2 Be7 9. a3 0-0 10. Be2 Bd7 11. 0-0 Qc7 12. Rc1 Rad8 13. Qb3 dxc4 14. Nxc4 Nd5 15. h3 Rfe8 16. Rfe1 Bc8 17. Bf1 Bf6 18. Ne4 Be7 19. Rc2 f5 20. Nc3 Kh8 21. Ne5 Bf6 22. Nd3 Re7 23. Rec1 Qb8 24. Na4 Rde8 25. Rxc6 Bd7 26. R6c2 g5 27. Nac5 Bc6 28. Nb4 Nxb4 29. Qxb4 g4 30. hxg4 Rg7 31. g3 fxg4 32. Bg2 Bf3 33. Ne4 Be7 34. Qe1 b6 35. Nd2 Qa8 36. Qf1 Rg6 37. Bxf3 gxf3 38. Qh3 Bd6 39. e4 Bf4 40. Qh5 Bxd2 41. Qe5+ Kg8 42. Rxd2 Qd8 43. Rdc2 Rg5 44. Qf4 Rf8 45. Qh4 Qf6 46. Rc7 h5 47. R1c6 Qf4 48. Qxf4 Rxf4 49. Rxe6 h4 50. Re8+ Rf8 51. Rxf8+ Kxf8 52. b4 Rg4 53. Rc3 Rxe4 54. Rxf3+ Ke7 55. Re3 1-0

[Event "GER-ch Seniors 22nd"]
[Site "Berlin"]
[Date "2010.08.20"]
[Round "5"]
[White "Scholtyssek, Werner"]
[Black "Kranch, Klaus"]
[Result "1/2-1/2"]
[WhiteElo "1623"]
[BlackElo "1480"]
[PlyCount "79"]
[EventDate "2010.08.16"]
[EventType "swiss"]
[EventRounds "9"]
[EventCountry "GER"]
[SourceTitle "CBM 138 Extra"]
[Source "ChessBase"]
[SourceDate "2010.10.29"]
[SourceVersion "1"]
[SourceVersionDate "2010.10.29"]
[SourceQuality "1"]

1. c4 c5 2. Nc3 Nc6 3. Nf3 g6 4. e3 Bg7 5. d4 cxd4 6. exd4 e6 7. Nb5 d6 8. Bf4 e5 9. dxe5 dxe5 10. Qxd8+ Kxd8 11. 0-0-0+ Ke7 12. Be3 Bh6 13. Bxh6 Nxh6 14. h3 Be6 15. Nc7 Rad8 16. Be2 Nd4 17. Nxd4 exd4 18. Nb5 Nf5 19. g4 Nd6 20. Nxd4 Bxc4 21. Bxc4 Nxc4 22. Rhe1+ Kf6 23. f4 Rhe8 24. Rxe8 Rxe8 25. b3 Ne3 26. Re1 Rc8+ 27. Kd2 Nd5 28. g5+ Kg7 29. f5 a6 30. f6+ Kf8 31. Re5 Rd8 32. Re4 Re8 33. Rxe8+ Kxe8 34. a3 Kd7 35. h4 Kd6 36. Kd3 b5 37. Ke4 Nc3+ 38. Kd3 Nd5 39. Ke4 Nc3+ 40. Kd3 1/2-1/2

[Event "Berlin-ch Seniors op 26th"]
[Site "Berlin"]
[Date "2010.02.09"]
[Round "1"]
[White "Kranch, Klaus"]
[Black "Oppermann, Peter"]
[Result "0-1"]
[WhiteElo "1598"]
[BlackElo "1854"]
[PlyCount "86"]
[EventDate "2010.02.09"]
[EventType "swiss"]
[EventRounds "9"]
[EventCountry "GER"]
[SourceTitle "EXT 2012"]
[Source "ChessBase"]
[SourceDate "2011.11.24"]
[SourceVersion "1"]
[SourceVersionDate "2011.11.24"]
[SourceQuality "1"]

1. d4 Nf6 2. c4 e6 3. Nc3 Bb4 4. e3 0-0 5. Bd3 d5 6. a3 Bxc3+ 7. bxc3 b6 8. cxd5 exd5 9. h3 Bb7 10. Nf3 Nbd7 11. 0-0 Re8 12. Bd2 c5 13. Rc1 Ne4 14. Nh2 Rc8 15. f3 Ng3 16. Rf2 Nf6 17. a4 Qd6 18. Rb1 Rc7 19. Nf1 Nfh5 20. Qc2 g6 21. Nh2 f5 22. f4 Nf6 23. Nf3 Nfe4 24. Bxe4 fxe4 25. Ne5 cxd4 26. exd4 Nf5 27. Qd1 e3 28. Re2 exd2 29. Qxd2 Ba6 30. Rf2 Ng3 31. Rf3 Ne4 32. Qe1 Rec8 33. f5 Rxc3 34. fxg6 hxg6 35. Rf4 g5 36. Rg4 Qf6 37. Qh4 Rc1+ 38. Rxc1 Rxc1+ 39. Kh2 Be2 40. Nd7 Qd6+ 41. Ne5 Bxg4 42. Qxg4 Qf6 43. Nd3 Rc3 0-1

[Event "Berlin-ch Seniors op 25th"]
[Site "Berlin"]
[Date "2009.02.19"]
[Round "8"]
[White "Kranch, Klaus"]
[Black "Scholz, Werner"]
[Result "1-0"]
[WhiteElo "1600"]
[BlackElo "1772"]
[PlyCount "77"]
[EventDate "2009.02.12"]
[EventType "swiss"]
[EventRounds "9"]
[EventCountry "GER"]
[SourceTitle "EXT 2022"]
[Source "ChessBase"]
[SourceDate "2021.10.06"]
[SourceVersion "1"]
[SourceVersionDate "2021.10.06"]
[SourceQuality "1"]

1. d4 d5 2. c4 e6 3. Nc3 Nf6 4. Nf3 c6 5. Bg5 Nbd7 6. e3 Qa5 7. cxd5 exd5 8. Bd3 h6 9. Bf4 Nh5 10. 0-0 Nxf4 11. exf4 Qc7 12. Re1+ Be7 13. g3 Nf6 14. Ne5 0-0 15. Rc1 Bb4 16. Re3 Ba5 17. Na4 Qd6 18. Nc5 a6 19. a3 Bb6 20. b4 Ba7 21. Bb1 Rb8 22. Qd3 Re8 23. Rce1 Be6 24. f5 Bc8 25. g4 Bxc5 26. bxc5 Qf8 27. h4 b5 28. g5 hxg5 29. hxg5 Ne4 30. f3 Nxg5 31. Nxc6 Nh3+ 32. Kf1 Nf4 33. Qd2 Bd7 34. Nxb8 Rxb8 35. Re7 Be6 36. Qxf4 Qxe7 37. Qxb8+ Qf8 38. Qxf8+ Kxf8 39. fxe6 1-0

[Event "Berlin-ch Seniors op 25th"]
[Site "Berlin"]
[Date "2009.02.18"]
[Round "7"]
[White "Schiemann, Dieter"]
[Black "Kranch, Klaus"]
[Result "0-1"]
[WhiteElo "1269"]
[BlackElo "1600"]
[PlyCount "62"]
[EventDate "2009.02.12"]
[EventType "swiss"]
[EventRounds "9"]
[EventCountry "GER"]
[SourceTitle "EXT 2022"]
[Source "ChessBase"]
[SourceDate "2021.10.06"]
[SourceVersion "1"]
[SourceVersionDate "2021.10.06"]
[SourceQuality "1"]

1. e4 c5 2. Nf3 Nc6 3. Bb5 e6 4. Nc3 a6 5. Ba4 b5 6. Nxb5 axb5 7. Bxb5 Bb7 8. 0-0 Nf6 9. d3 Be7 10. c3 0-0 11. Re1 d6 12. Bg5 Qb6 13. a4 Rfd8 14. d4 cxd4 15. Bxc6 Bxc6 16. Nxd4 Bb7 17. e5 dxe5 18. Rxe5 Qc7 19. Qc1 Qxe5 20. Bf4 Qe4 21. f3 Qd3 22. Qe1 Nd5 23. Be5 Bg5 24. Rd1 Qg6 25. c4 Ne3 26. Rc1 Rxd4 27. Qc3 Nxc4 28. b3 Bxc1 29. bxc4 Be3+ 30. Kf1 Ba6 31. Ke1 Qxg2 0-1

[Event "Berlin-ch Seniors op 25th"]
[Site "Berlin"]
[Date "2009.02.13"]
[Round "2"]
[White "Kranch, Klaus"]
[Black "Rollwitz, Juergen"]
[Result "0-1"]
[WhiteElo "1600"]
[BlackElo "1996"]
[PlyCount "120"]
[EventDate "2009.02.12"]
[EventType "swiss"]
[EventRounds "9"]
[EventCountry "GER"]
[SourceTitle "EXT 2022"]
[Source "ChessBase"]
[SourceDate "2021.10.06"]
[SourceVersion "1"]
[SourceVersionDate "2021.10.06"]
[SourceQuality "1"]

1. d4 d5 2. c4 e6 3. Nc3 Nf6 4. Nf3 c5 5. cxd5 Nxd5 6. e4 Nxc3 7. bxc3 cxd4 8. cxd4 Bb4+ 9. Bd2 Bxd2+ 10. Qxd2 0-0 11. Be2 b6 12. 0-0 Bb7 13. Qf4 Nc6 14. Rad1 Ne7 15. Bd3 Ng6 16. Qg3 Qb8 17. e5 Bxf3 18. Qxf3 Qc7 19. Qe4 Rac8 20. h4 Qc6 21. Qg4 f5 22. Qg5 Qd7 23. h5 Ne7 24. h6 Nd5 25. Rc1 Qe7 26. Qxe7 Nxe7 27. Bc4 Nd5 28. hxg7 Kxg7 29. Ba6 Rxc1 30. Rxc1 Rf7 31. a3 Rc7 32. Rxc7+ Nxc7 33. Bc4 b5 34. Bb3 a5 35. Kf1 a4 36. Ba2 Nd5 37. Ke1 b4 38. Kd2 b3 39. Bb1 Kf7 40. g3 h6 41. Bd3 Ke7 42. Kc1 Nc7 43. Kb2 Kd7 44. Kc3 Nd5+ 45. Kc4 Kc6 46. Bb1 Kb6 47. Bd3 Kc6 48. Bb1 Nb6+ 49. Kc3 Kb5 50. Bd3+ Kc6 51. Kb4 Kd5 52. Kc3 Kc6 53. Kb4 Kd5 54. Kc3 b2 55. Kxb2 Kxd4 56. Bb5 Nc4+ 57. Bxc4 Kxc4 58. f4 Kd3 59. Kb1 h5 60. Kb2 Kd2 0-1